REFA Nachrichten Zeitschrift des REFA

Gespeichert in:
Bibliographische Detailangaben
Format: Schriftenreihe
Sprache:Deutsch
Veröffentlicht: Darmstadt REFA
Tags: Tag hinzufügen
Keine Tags, Fügen Sie das erste Tag hinzu!

MARC

LEADER 00000nas1a2200000$$$4500
001 0017795
005 20250730114821.6
041 0 |a ger 
044 |a DE 
245 1 0 |a REFA Nachrichten  |b Zeitschrift des REFA 
264 1 |a Darmstadt  |b REFA